000 00737nam a22002177a 4500
005 2012050906446.0
008 120509t xxu||||| |||| 00| 0 eng d
010 _aENG-105230
020 _a9788184000658
_c299.00
035 _aEN-88763
037 _bDBAD/PUB
040 _aDPL
_bEng
082 _aS
100 _946516
_aBaghel, Meenal
245 _aDeath in Mumbai :
_cby Meenal Baghel
_ba true story /
260 _aNoida
_bRandom House Publishers
_c2011
270 _aWindsor IT Park, 7th Floor, Tower-B, A-1, Sector-125
_bNoida
_e201301
300 _axvi,231p.
_c21cm(pbk)
942 _2ddc
_cEN
_hS
_mBAG
999 _c66363
_d66363